000 00584nam a2200193Ia 4500
003 GCL
008 140319s9999 xx 000 0 ara d
040 _aGCL /
_cGCL
082 0 4 _a270
_bع م
100 1 _aعبدالحليم محمود
245 1 0 _aالمسيحية نشاتها وتطورها /
_cعبدالحليم محمود
700 1 _aجينيبير، شارل
260 _a[S.N] :
_bدار المعارف ،
_c1988
300 _a275 ص
490 _a
650 0 4 _aالاسلام والمسيحية
650 0 4 _aالديانات المقارنة
942 _2ddc
_cBK
999 _c54704
_d54704